000 00681nam a2200241 i 4500
001 5850
003 ES-MaACL
005 20250911062821.0
007 t|
008 890531s1972 sp ||||1| spa d
080 _a86-14"19"
080 _a86(Piera, C.7 V.01)
100 1 _aPiera, Carlos
_991922
245 1 0 _aVersos /
_cCarlos Piera.
260 _aMadrid :
_bAlberto Corazon,
_cD.L. 1972.
300 _a82 p. ;
_c19 cm.
490 1 _aColección Visor de poesía ;
_v21
830 0 _aColección Visor de poesía
_v21
_9177331
852 _aES-MaACL
_jL-12976
_bR.116511
_95999
852 _aES-MaACL
_jC-43589/Ej.1
_bR.82694
_9123929
942 _2udc
999 _c5850
_d5850